The Organization of Craft Work (Record no. 92868)

MARC details
000 -LEADER
fixed length control field 02742namaa2200469uu 4500
001 - CONTROL NUMBER
control field doab38838
003 - CONTROL NUMBER IDENTIFIER
control field oapen
005 - DATE AND TIME OF LATEST TRANSACTION
control field 20260305123948.0
006 - FIXED-LENGTH DATA ELEMENTS--ADDITIONAL MATERIAL CHARACTERISTICS
fixed length control field m o d
007 - PHYSICAL DESCRIPTION FIXED FIELD--GENERAL INFORMATION
fixed length control field cr|mn|---annan
008 - FIXED-LENGTH DATA ELEMENTS--GENERAL INFORMATION
fixed length control field 210210s2019 xx |||||o ||| 0|eng d
040 ## - CATALOGING SOURCE
Original cataloging agency oapen
Transcribing agency oapen
041 0# - LANGUAGE CODE
Language code of text/sound track or separate title eng
042 ## - AUTHENTICATION CODE
Authentication code dc
072 #7 - SUBJECT CATEGORY CODE
Subject category code KJ
Source bicssc
245 00 - TITLE STATEMENT
Title The Organization of Craft Work
Remainder of title Identities, Meanings, and Materiality
260 ## - PUBLICATION, DISTRIBUTION, ETC.
Name of publisher, distributor, etc. Taylor & Francis
Date of publication, distribution, etc. 2019
300 ## - PHYSICAL DESCRIPTION
Extent 1 online resource (278 p.)
336 ## - CONTENT TYPE
Content type term text
Content type code txt
Source rdacontent
337 ## - MEDIA TYPE
Media type term computer
Media type code c
Source rdamedia
338 ## - CARRIER TYPE
Carrier type term online resource
Carrier type code cr
Source rdacarrier
506 0# - RESTRICTIONS ON ACCESS NOTE
Terms governing access Free-to-read
Standardized terminology for access restriction Unrestricted online access
Source of term star
520 ## - SUMMARY, ETC.
Summary, etc. This edited book focuses on the organization and meaning of craft work in contemporary society. It considers the relationship between craft and place and how this enables the construction of a meaningful relationship with objects of production and consumption. The book explores the significance of raw materials, the relationship between the body, the crafted object and the mind, and the importance of skill, knowledge and learning in the making process. Through this, it raises important questions about the role of craft in facing future challenges by challenging the logic of globalized production and consumption. The Organization of Craft Work encompasses international analyses from the United States, France, Italy, Australia, Canada, the UK and Japan involving a diverse range of sectors, including brewing, food and wine production, clothing and shoe making, and perfumery. The book will be of interest to students and academic researchers in organization studies, marketing and consumer behaviour, business ethics, entrepreneurship, sociology of work, human resource management, cultural studies, geography, and fashion and design. In addition, the book will be of interest to practitioners and organizations with an interest in the development and promotion of craft work.
540 ## - TERMS GOVERNING USE AND REPRODUCTION NOTE
Terms governing use and reproduction All rights reserved
Uniform Resource Identifier <a href="http://oapen.org/content/about-rights">http://oapen.org/content/about-rights</a>
546 ## - LANGUAGE NOTE
Language note English
650 #7 - SUBJECT ADDED ENTRY--TOPICAL TERM
Topical term or geographic name entry element Business & management
Source of heading or term bicssc
653 ## - INDEX TERM--UNCONTROLLED
Uncontrolled term Business
653 ## - INDEX TERM--UNCONTROLLED
Uncontrolled term Business & Industry
653 ## - INDEX TERM--UNCONTROLLED
Uncontrolled term Economics
653 ## - INDEX TERM--UNCONTROLLED
Uncontrolled term Finance
653 ## - INDEX TERM--UNCONTROLLED
Uncontrolled term Management and Accounting
720 1# - ADDED ENTRY--UNCONTROLLED NAME
Name Bell, Emma
Relationship edt
720 1# - ADDED ENTRY--UNCONTROLLED NAME
Name Bell, Emma
Relationship oth
720 1# - ADDED ENTRY--UNCONTROLLED NAME
Name Mangia, Gianluigi
Relationship edt
720 1# - ADDED ENTRY--UNCONTROLLED NAME
Name Mangia, Gianluigi
Relationship oth
720 1# - ADDED ENTRY--UNCONTROLLED NAME
Name Taylor, Scott
Relationship edt
720 1# - ADDED ENTRY--UNCONTROLLED NAME
Name Taylor, Scott
Relationship oth
720 1# - ADDED ENTRY--UNCONTROLLED NAME
Name Toraldo, Maria Laura
Relationship edt
720 1# - ADDED ENTRY--UNCONTROLLED NAME
Name Toraldo, Maria Laura
Relationship oth
793 0# -
-- DOAB Library.
856 40 - ELECTRONIC LOCATION AND ACCESS
Uniform Resource Identifier <a href="https://directory.doabooks.org/handle/20.500.12854/38838">https://directory.doabooks.org/handle/20.500.12854/38838</a>
Access status 0
Public note Free-to-read: DOAB: description of the publication

No items available.

Powered by Koha